Transportation Engineering-II CE-342 Fall 2015 BE-Civil Engg OD-80/CED-81 (Record no. 553661)

000 -LEADER
fixed length control field 00371nam a22001217a 4500
082 ## - DEWEY DECIMAL CLASSIFICATION NUMBER
Classification number CP-34
Author Mark CE-342
100 ## - MAIN ENTRY--PERSONAL NAME
Personal name Dr.Muhammad Irfan
9 (RLIN) 17128
245 ## - TITLE STATEMENT
Title Transportation Engineering-II CE-342 Fall 2015 BE-Civil Engg OD-80/CED-81
Statement of responsibility, etc. Dr.Muhammad Irfan
260 ## - PUBLICATION, DISTRIBUTION, ETC.
Place of publication, distribution, etc. Risalpur
Name of publisher, distributor, etc. MCE
Date of publication, distribution, etc. 2016
500 ## - GENERAL NOTE
General note CED-85 Section C,D
526 ## - STUDY PROGRAM INFORMATION NOTE
Program name 0
Interest level 1
Reading level 0
Title point value CP_34_CE342
942 ## - ADDED ENTRY ELEMENTS (KOHA)
Source of classification or shelving scheme
Koha item type Book Bank
Holdings
Withdrawn status Lost status Source of classification or shelving scheme Damaged status Not for loan Permanent Location Current Location Date acquired Total Checkouts Full call number Barcode Date last seen Date last checked out Price effective from Koha item type
          Military College of Engineering (MCE) Military College of Engineering (MCE) 02/24/2016 1 CP-34 CE-342 MCE-CP34 02/24/2016 02/24/2016 02/24/2016 Book Bank
© 2023 Central Library, National University of Sciences and Technology. All Rights Reserved.